| 000 | 00406nam a2200169Ia 4500 | ||
|---|---|---|---|
| 003 | 0STCL | ||
| 008 | 150530s9999 xx 000 0 und d | ||
| 040 |
_aSTCL _cSTCL |
||
| 100 | _aCarruthers, W. | ||
| 245 | _aModern methods of organic synthesis | ||
| 250 | _aThird | ||
| 260 |
_bCambridge university press _c1996 |
||
| 546 | _aEnglish | ||
| 942 |
_2ddc _cBK |
||
| 999 |
_c33806 _d33806 |
||
| 005 | 20220125170318.0 | ||